01292naa#a2200205#i#4500001001600000005001700016011001400033100004100047102000700088200014900095210020500244215001000449608004500459675032200504700006200826700005800888700005200946700005800998856003001056RU\\bibl\12344020260705165739.7##a1994-4683##a20230731b2023####ek#y0rusy0150####ca##aRU1#aПРЕОДОЛЕНИЕ СТРЕССА ЛИЧНОСТЬЮ В УСЛОВИЯХ НЕОПРЕДЕЛЕННОСТИeЖурнальная статья1#aМоскваcНациональный государственный Университет физической культуры, спорта и здоровья им. П.Ф. Лесгафтаd2023##a5 с.##aЖурнальная статья2local##aПсихологические типы. Индивидуальная психология. Психология личности. Индивидуальность. Личность.Психология характера. Характерология. Идеосинкрозия. Типы личностей. 159.923#1aБостановаgСветлана Николаевна#1aБостановаgЛариса Шамильевна#1aДотдуеваgЖанна Борисовна#1aЧербиеваgСаидат Висрадиевна4#auchzapiski.lesgaft.spb.ru